000 00686nam a22001577a 4500
003 OSt
005 20151003112841.0
008 151003b xxu||||| |||| 00| 0 eng d
040 _cRUA
082 _aAVM CHH 1999 B071 Or.1
100 _91879
_aCHHOEUNG, CHHIV EARNG.
245 _aLayer hearth control in medium scale at poultry keeping at soma farm baty district takeo province,​ ការគ្រប់គ្រងសុខភាពមាន់ពងទ្រងទ្រាយមធ្យមនៅកសិដ្ឋានសូមា ស្រុកបាទី ខេត្តតាកែវ
260 _aPhnom Penh
_bRUA
_c1999
300 _a51p.
_bill.
_c29cm.
942 _2ddc
_cAVM
999 _c1775
_d1775